000 00797cam a2200277 i 4500
001 57666
003 Mx-PuUPA
005 20250130112916.0
008 140415s2023 mx gr 000 0 spa d
020 _a8401617537
040 _aMx-PuUPA
_bspa
_cMx-PuUPA
_dMx-PuUPA
_erda
041 _aspa
245 0 0 _aLo cotidiano y la eternidad
_b
250 _aPrimera edición
264 1 _aCiudad de México :
_bLambda Editorial,
_c2023
300 _a85 páginas ;
_c20 cm
336 _2rdacontent
_atexto
_btxt
337 _2rdamedia
_asin medio
_bn
338 _2rdacarrier
_avolumen
_bnc
520 _a
650 7 _a
_2armarc
_913986
942 _2ddc
_cLI
_hxx
_ixx
_n
999 _c57666
_d57666